ARRUPE JESUIT UNIVERSITY

CORONAVIRUS -STOP THE SPREAD - CLEAN,DISINFECT,COVER

The story of thought (Record no. 59210)

MARC details
000 -LEADER
fixed length control field 00601nam a2200229Ia 4500
003 - CONTROL NUMBER IDENTIFIER
control field 0100
008 - FIXED-LENGTH DATA ELEMENTS--GENERAL INFORMATION
fixed length control field 130303s9999 xx 000 0 und d
020 ## - INTERNATIONAL STANDARD BOOK NUMBER
International Standard Book Number 0789444550
040 ## - CATALOGING SOURCE
Transcribing agency ARRUPELIB
050 ## - LIBRARY OF CONGRESS CALL NUMBER
Classification number B74.M24 1998
300 ## - PHYSICAL DESCRIPTION
Other physical details 28cm
100 ## - MAIN ENTRY--PERSONAL NAME
Personal name Magee, Bryan
245 #4 - TITLE STATEMENT
Title The story of thought
260 ## - PUBLICATION, DISTRIBUTION, ETC. (IMPRINT)
Place of publication, distribution, etc New York
260 ## - PUBLICATION, DISTRIBUTION, ETC. (IMPRINT)
Name of publisher, distributor, etc The Quality Paperback Bookclub
260 ## - PUBLICATION, DISTRIBUTION, ETC. (IMPRINT)
-- 1998
300 ## - PHYSICAL DESCRIPTION
Extent 240p.
650 ## - SUBJECT ADDED ENTRY--TOPICAL TERM
Topical term following geographic name as entry element Talk shows
650 ## - SUBJECT ADDED ENTRY--TOPICAL TERM
Location of event Radio broadcasting--Social aspects--United States
650 ## - SUBJECT ADDED ENTRY--TOPICAL TERM
Active dates Television broadcasting--Social aspects--United States
942 ## - ADDED ENTRY ELEMENTS (KOHA)
Source of classification or shelving scheme Library of Congress Classification
Koha issues (borrowed), all copies 14
Holdings
Withdrawn status Lost status Source of classification or shelving scheme Damaged status Not for loan Collection code Home library Current library Shelving location Date acquired Total Checkouts Full call number Barcode Date last seen Date checked out Copy number Price effective from Koha item type
    Library of Congress Classification     Main Collection ARRUPE LIBRARY ARRUPE LIBRARY   05/03/2013 21 B74.M24 1998 46003090405 17/04/2018 05/04/2018 1 05/03/2013 Monograph ( Printed materials)

 

Arrupe Library. PO Box MP320 Mt Pleasant, Harare, Zimbabwe
263 242 745411|librarian@aju.ac.zw